Obnoviteľné zdroje energie ako možnosť znižovania energetickej závislosti SR bakalárska práca

Salvato in:
Dettagli Bibliografici
Autore principale: Nižnanová, Kristína
Ente Autore: Národohospodárska fakulta EU. Katedra financií
Altri autori: Darmo, Martin
Natura: Libro
Lingua:slovacco
Pubblicazione: Bratislava 2011
Tags: Aggiungi Tag
Nessun Tag, puoi essere il primo ad aggiungerne!!

MARC

LEADER 00000nbm a2200000 4500
001 0139817
005 20161109111648.4
041 0 |a slo 
044 |a SK 
245 1 0 |a Obnoviteľné zdroje energie ako možnosť znižovania energetickej závislosti SR  |b bakalárska práca  |c Kristína Nižnanová ; školiteľ: Martin Darmo 
264 1 |a Bratislava  |c 2011 
300 |a 49 s. 
100 1 |a Nižnanová, Kristína 
700 1 |a Darmo, Martin 
710 2 |a Národohospodárska fakulta EU. Katedra financií